| Поле | Инд. | ПП | Название | Значение |
|---|---|---|---|---|
| Тип записи | a | |||
| Библиографический уровень | b | |||
| 001 | Контрольный номер | RU/IS/BASE/262112612 | ||
| 005 | Дата корректировки | 20200622185112.9 | ||
| 084 | a | Индекс другой классификации/Индекс ББК | 87.3(0)321 | |
| 100 | 10 | a | Автор | Салахов Э. Х. |
| 245 | 01 | a | Заглавие | "Философия жизни" и теологическая концепция Плутарха |
| 504 | 00 | a | Библиография | Библиогр. ссылки |
| 600 | 14 | a | Персоналии | Плутарх |
| 650 | 04 | a | Основная рубрика | история философии |
| a | Основная рубрика | философия | ||
| 653 | 00 | a | Ключевые слова | Древняя Греция |
| a | Ключевые слова | телос | ||
| a | Ключевые слова | теологические концепции | ||
| a | Ключевые слова | философия религии | ||
| 773 | 00 | t | Заглавие источника | Вестник Московского университета. Серия 7, Философия |
| d | Дата издания источника | 2000 | ||
| g | Прочая информация | № 3. - С. 70 - 78 | ||
| w | Контрольный № источника | RU/IS/BASE/149609502 | ||
| 901 | t | Тип документа | b |